| 000 | 00738nam a22002297a 4500 | ||
|---|---|---|---|
| 005 | 20140411105741.0 | ||
| 010 | _aENG-109366 | ||
| 020 |
_a9789381075234 _c400.00 |
||
| 035 | _aEN-92899 | ||
| 037 | _bDBAD/PUB | ||
| 082 | _a621.38 | ||
| 100 | _aDesai, Nila Y. | ||
| 245 |
_aGATE- DRDO- ISRO previous years solved papers : _cby Nila Y. Desai, Sounak Samanta [and ] Aheibam Laxmi _belectronics / |
||
| 250 | _a | ||
| 260 |
_aHyderabad _bBS Publications _c2012 |
||
| 270 |
_a4-4-309, Giriraj Lane, Sultan Bazar _bHyderabad _e500095 |
||
| 300 |
_axxvii,758p. _c24cm(pbk) |
||
| 500 | _aIncludes bibliographical references | ||
| 700 | _aSamanta,Sounak | ||
| 700 | _aAheibam Laxmi | ||
| 942 |
_2ddc _cEN _mDES _h621.38 |
||
| 999 |
_c82662 _d82662 |
||